Noms de villes germanophones traduits littéralement - Statistiques

Statistiques générales
  • Ce quiz a été pris 408 fois
  • Le résultat moyen est 8 sur 15
Statistiques - réponses
Traduction littérale Pays Ville % Correct
Château du jambon Allemagne H{ambourg}
92%
Gué des Francs sur le Main Allemagne F{rancfort}-{sur}-{le}-{Main}
86%
Baigner baigner Allemagne B{aden}-{Baden}
79%
Manger Allemagne E{ssen}
77%
Château du sel Autriche S{alzbourg}
75%
Château libre en Brisgau Allemagne F{ribourg}-{en}-{Brisgau}
73%
Maison de l'homme Allemagne M{annheim}
71%
Calme de Karl Allemagne K{arlsruhe}
64%
Château des routes France S{trasbourg}
64%
Château du loup Allemagne W{olfsbourg}
61%
Bouche là-bas Allemagne D{ortmund}
43%
Château de la servante Allemagne M{agdebourg}
27%
Ville de l'intestin Allemagne D{armstadt}
23%
Maisons supérieures Allemagne O{berhausen}
6%
Obtenir Allemagne E{rlangen}
5%
Aucun quiz correspondant
Distribution des résultats
% des personnes avec chaque résultat
Percentile par nombre de réponses
Votre historique - résultats
Vous n’avez pas pris ce quiz